header

Absent culture : (Record no. 133451)

MARC details
000 -LEADER
fixed length control field 02084nam a22004811i 4500
001 - CONTROL NUMBER
control field ebr10784631
003 - CONTROL NUMBER IDENTIFIER
control field CaPaEBR
006 - FIXED-LENGTH DATA ELEMENTS--ADDITIONAL MATERIAL CHARACTERISTICS--GENERAL INFORMATION
fixed length control field m o d
007 - PHYSICAL DESCRIPTION FIXED FIELD--GENERAL INFORMATION
fixed length control field cr cn|||||||||
008 - FIXED-LENGTH DATA ELEMENTS--GENERAL INFORMATION
fixed length control field 130520t20132013gw ob 000 0 eng d
020 ## - INTERNATIONAL STANDARD BOOK NUMBER
International Standard Book Number 9783653032420 (e-book)
Cancelled/invalid ISBN 3631636466 (print)
Cancelled/invalid ISBN 9783631636466 (print)
040 ## - CATALOGING SOURCE
Original cataloging agency CaPaEBR
Language of cataloging eng
Description conventions rda
-- pn
Transcribing agency CaPaEBR
035 ## - SYSTEM CONTROL NUMBER
System control number (OCoLC)861200356
041 1# - LANGUAGE CODE
Language code of text/sound track or separate title eng
Language code of original and/or intermediate translations of text pol
043 ## - GEOGRAPHIC AREA CODE
Geographic area code eb-----
-- e-pl---
050 14 - LIBRARY OF CONGRESS CALL NUMBER
Classification number DK500.L57
Item number Z3513 2013eb
082 04 - DEWEY DECIMAL CLASSIFICATION NUMBER
Classification number 327.47980438
Edition number 23
100 1# - MAIN ENTRY--PERSONAL NAME
Personal name Zajas, Krzysztof.
240 10 - UNIFORM TITLE
Uniform title <a href="Nieobecna kultura.">Nieobecna kultura.</a>
Language of a work English
245 10 - TITLE STATEMENT
Title Absent culture :
Remainder of title the case of Polish Livonia /
Statement of responsibility, etc Krzysztof Zajas.
264 #1 - PRODUCTION, PUBLICATION, DISTRIBUTION, MANUFACTURE, AND COPYRIGHT NOTICE
Place of production, publication, distribution, manufacture Frankfurt am Main ;
-- New York :
Name of producer, publisher, distributor, manufacturer Peter Lang Edition,
Date of production, publication, distribution, manufacture, or copyright notice [2013]
Date of production, publication, distribution, manufacture, or copyright notice �2013
300 ## - PHYSICAL DESCRIPTION
Extent 1 online resource (410 pages)
336 ## - CONTENT TYPE
Content type term text
Source rdacontent
337 ## - MEDIA TYPE
Media type term computer
Source rdamedia
338 ## - CARRIER TYPE
Carrier type term online resource
Source rdacarrier
490 1# - SERIES STATEMENT
Series statement Polish studies : transdisciplinary perspectives,
International Standard Serial Number 2191-3293 ;
Volume number/sequential designation volume 4
504 ## - BIBLIOGRAPHY, ETC. NOTE
Bibliography, etc Includes bibliographical references (pages 391-408).
588 ## - SOURCE OF DESCRIPTION NOTE
Source of description note Description based on print version record.
590 ## - LOCAL NOTE (RLIN)
Local note Electronic reproduction. Palo Alto, Calif. : ebrary, 2013. Available via World Wide Web. Access may be limited to ebrary affiliated libraries.
650 #0 - SUBJECT ADDED ENTRY--TOPICAL TERM
Topical term or geographic name as entry element Polish people
Geographic subdivision Livonia
General subdivision History.
651 #0 - SUBJECT ADDED ENTRY--GEOGRAPHIC NAME
Geographic name Livonia
General subdivision Civilization.
Geographic name Livonia
General subdivision History.
Geographic name Livonia
General subdivision Relations
Geographic subdivision Poland.
Geographic name Poland
General subdivision Relations
Geographic subdivision Livonia.
655 #0 - INDEX TERM--GENRE/FORM
Genre/form data or focus term Electronic books.
776 08 - ADDITIONAL PHYSICAL FORM ENTRY
Display text Print version:
Main entry heading Zajas, Krzysztof.
Title Absent culture : the case of Polish Livonia.
Place, publisher, and date of publication Frankfurt am Main ; New York : Peter Lang Edition, [2013]
Physical description 408 pages ; 22 cm.
Series data for related item Polish studies : transdisciplinary perspectives ; v. 4.
International Standard Book Number 9783631636466
-- 3631636466
Record control number (DLC) 2013017517
797 2# - LOCAL ADDED ENTRY--CORPORATE NAME (RLIN)
Corporate name or jurisdiction name as entry element ebrary.
830 #0 - SERIES ADDED ENTRY--UNIFORM TITLE
Uniform title Polish studies, transdisciplinary perspectives ;
Volume number/sequential designation v. 4.
856 40 - ELECTRONIC LOCATION AND ACCESS
Uniform Resource Identifier <a href="http://site.ebrary.com/lib/rucke/Doc?id=10784631">http://site.ebrary.com/lib/rucke/Doc?id=10784631</a>
Public note An electronic book accessible through the World Wide Web; click to view

No items available.

© 2026 Rongo University
Contact us: librarian | system librarian | Rongo university